000 00711nas a2200241 4500
001 BR8103815
003 BR-BrBNA
005 20231205084815.0
007 ta
008 230509b bl.|||p| |||| 00| 00por d
040 _aBR-BrBNA
_bpor
_cBiblioteca Nacional de Agricultura
041 _a(Pt)
072 _aL30
100 1 _aVilela, H.
245 1 _aPotencialidade dos cerrados para engorda [Bovino; Bos taurus; Pastagem natural; Brasil]
650 _aBOVINO
650 _aPASTAGEM
650 _aENGORDA
650 _aCERRADO
773 0 _tRevista dos Criadores (Brazil)
_xISSN 0034-9259
_g(Dec 1981), v. 51(623) p. 26-27
_wBR8103815
909 _a202311
_bLúcia
_c55
_dLúcia Elande
942 _2AGRIS
_n0
_cANA
999 _c107411
_d107411